Normal view
MARC view
Entry Personal Name
001 - CONTROL NUMBER
- control field: 75516
003 - CONTROL NUMBER IDENTIFIER
- control field: dpl
005 - DATE AND TIME OF LATEST TRANSACTION
- control field: 20241220125740.0
008 - FIXED-LENGTH DATA ELEMENTS
- fixed length control field: 241220|| aca||aabn | a|a d
040 ## - CATALOGING SOURCE
- Original cataloging agency: dpl
- Transcribing agency: dpl
100 ## - HEADING--PERSONAL NAME
- Personal name: ब्रायसन, बिल
670 ## - SOURCE DATA FOUND
- Source citation: Work cat.: (dpl)207871: ब्रायसन, बिल, मनुष्य, पृथ्वी और अंतरिक्ष.../, 2022
